000 00347nam a22001577a 4500
005 20160625123208.0
008 160625b xxu||||| |||| 00| 0 eng d
020 _a0-19-806834-4
041 _aeng
082 _b10079
245 _aEconomic Survey 2009-10
260 _bOxford
_c2010
300 _a294
650 _aManagement
_9241
942 _cBK
999 _c4016
_d4015